|
|
|
|
| LEADER |
01310nam a2200253 a 4500 |
| 001 |
4943400 |
| 008 |
110213s1996 nyua b 001 0 eng d |
| 010 |
|
|
|a 96014172
|
| 020 |
|
|
|a 0471147125 (cloth : alk. paper)
|
| 040 |
|
|
|a DLC
|c DLC
|d DLC
|d BD-DhAAL
|
| 082 |
0 |
0 |
|a 658.4/092
|2 22
|
| 100 |
1 |
|
|a Murphy, Emmett C.
|
| 245 |
1 |
0 |
|a Leadership IQ :
|b a personal development process based on a scientific study of a new generation of leaders /
|c Emmett C. Murphy.
|
| 260 |
|
|
|a New York :
|b John Wiley,
|c c1996.
|
| 300 |
|
|
|a viii, 278 p. ;
|c 24 cm.
|
| 504 |
|
|
|a Includes bibliographical references (p. 273-274) and index.
|
| 541 |
|
|
|e 00007948
|
| 650 |
|
0 |
|a Leadership.
|
| 650 |
|
0 |
|a Management.
|
| 852 |
4 |
|
|a Ayesha Abed Library
|j General shelf
|
| 999 |
|
|
|c 10451
|d 10451
|
| 952 |
|
|
|0 0
|1 0
|2 ddc
|4 0
|6 658_409200000000000_MUR
|7 0
|9 14385
|a BRACUL
|b BRACUL
|c GEN
|d 2011-02-22
|l 9
|m 33
|o 658.4092 MUR
|p 3010007948
|r 2025-02-23
|s 2025-01-02
|t 1
|w 2011-02-22
|y BK
|
| 952 |
|
|
|0 0
|1 0
|2 ddc
|4 0
|6 658_409200000000000_MUR
|7 0
|9 52952
|a SCL
|b SCL
|c GEN
|d 2015-03-08
|e Gift: The Asia Foundation
|l 2
|m 17
|o 658.4092 MUR
|p 3020002961
|r 2024-04-03
|s 2024-01-21
|t 2
|w 2015-03-08
|y BK
|
| 952 |
|
|
|0 0
|1 0
|2 ddc
|4 0
|6 658_409200000000000_MUR
|7 0
|9 54284
|a SCL
|b SCL
|c GEN
|d 2015-06-14
|e Gift: The Asia Foundation
|l 6
|m 23
|o 658.4092 MUR
|p 3020003139
|r 2024-03-19
|s 2024-03-14
|t 3
|w 2015-06-14
|y BK
|